| 000 | 00668nam a22002297a 4500 | ||
|---|---|---|---|
| 001 | 6182 | ||
| 003 | BD-RjUL | ||
| 005 | 20211208234212.0 | ||
| 008 | 140109s1964 n a|||| |||| 001 0 eng d | ||
| 035 | _a(BD-RjUL)6221 | ||
| 040 |
_aBD-RjUL _beng _cBD-RjUL |
||
| 041 | _aeng | ||
| 082 | 0 | 0 |
_a511.3 _bDIE 1964 |
| 100 | 1 |
_aDinkines, Flora _919446 |
|
| 245 | 1 | 0 |
_aElementary theory of sets / _cby Flora Dinkines |
| 260 |
_aNew York : _bAppleton-Century-Crofts, _c©1964. |
||
| 300 |
_aviii, 237 p. : _bill. ; _c 21 cm. |
||
| 500 | _aPart I of her Elementary concepts of modern mathematics. | ||
| 504 | _aIncludes index. | ||
| 650 | 1 |
_aSet theory. _96065 |
|
| 942 |
_2ddc _cBK |
||
| 999 |
_c6182 _d6182 |
||